<?xml version="1.0" encoding="UTF-8"?>
<record
    xmlns:xsi="http://www.w3.org/2001/XMLSchema-instance"
    xsi:schemaLocation="http://www.loc.gov/MARC21/slim http://www.loc.gov/standards/marcxml/schema/MARC21slim.xsd"
    xmlns="http://www.loc.gov/MARC21/slim">

  <leader>02076nam a22002897a 4500</leader>
  <datafield tag="999" ind1=" " ind2=" ">
    <subfield code="c">22060</subfield>
    <subfield code="d">22060</subfield>
  </datafield>
  <controlfield tag="003">AR-CdUCM</controlfield>
  <controlfield tag="008">190515b           ||||| |||| 00| 0 spa d</controlfield>
  <datafield tag="040" ind1=" " ind2=" ">
    <subfield code="a">MUNICIPALIDAD PROVINCIAL DEL CUSCO</subfield>
    <subfield code="c">BIBLIOTECA MUNICIPAL DEL CUSCO</subfield>
  </datafield>
  <datafield tag="082" ind1=" " ind2=" ">
    <subfield code="a">Patrimonio/N&#xB0;1/2002</subfield>
  </datafield>
  <datafield tag="110" ind1=" " ind2=" ">
    <subfield code="a">Municipalidad Provincial del Cusco</subfield>
    <subfield code="9">47318</subfield>
  </datafield>
  <datafield tag="245" ind1=" " ind2=" ">
    <subfield code="a">Revista de Cultura Patrimonio Cusco /</subfield>
    <subfield code="c">Municipalidad del Cusco</subfield>
  </datafield>
  <datafield tag="260" ind1=" " ind2=" ">
    <subfield code="a">Cusco :</subfield>
    <subfield code="b">Municipalidad Provincial del Cusco,</subfield>
    <subfield code="b">Danny&#xB4;s Graff,</subfield>
    <subfield code="c">2002.</subfield>
  </datafield>
  <datafield tag="300" ind1=" " ind2=" ">
    <subfield code="a">86 p&#xE1;ginas. :</subfield>
    <subfield code="b">ilustraciones ;</subfield>
    <subfield code="c">26 cm.</subfield>
  </datafield>
  <datafield tag="440" ind1=" " ind2=" ">
    <subfield code="a">Revista de Cultura Patrimonio Cusco.</subfield>
    <subfield code="n">N&#xB0;1, 2002</subfield>
    <subfield code="9">47319</subfield>
  </datafield>
  <datafield tag="505" ind1=" " ind2=" ">
    <subfield code="a">Contenido: El Inca Garcilaso y el Runa Simi. Manuel Jes&#xFA;s Aparicio. -- Camino Inca en Machu Picchu. V&#xED;ctor Angles Vargas. -- Apuntes sobre el Pitu colaptes rupicola. Jos&#xE9; Luis Venero Gonzales. -- El Inti Raymi ayer y hoy. Armando Harvey Valencia. -- Cambio en la lectura de la ense&#xF1;anza. Aid&#xE9; Zela Vera. -- Que esta pasando con la cultura andina. Guillermo Salas Carre&#xF1;o. -- De Ar&#xED;balos mujeres y huellas de Puma. Jorge Pedro G&#xF3;mez Mu&#xF1;oz. -- La chincana de Cusco. Rossano Calvo Calvo. -- La Astronom&#xED;a Inka. Armando Valenzuela Lov&#xF3;n. -- El Centro Cient&#xED;fico del Cusco. Julio Antonio Guti&#xE9;rrez Samanez. -- Testimonio de una &#xE9;poca respuestas a mis propias preguntas. Hugo Bonet Rodr&#xED;guez. -- Francisco Gonz&#xE1;les Gamarra. Manuel Gibaja. -- Soneto libre para una rosa. Ra&#xFA;l Brozovich. -- Paq&#xB4;o. Odi Gonzales. -- Jes&#xFA;s. Ana Bertha Vizcarra. -- Lucy. Luis Nieto Degregori. -- Ratoncillo. Elver Pizarro. -- Bryce Echenique. Mario Pantoja. -- Hagiographia. Baudelaire. -- Aspectos de la cultura actual del Cusco. Ra&#xFA;l Carre&#xF1;o Collatupa.</subfield>
  </datafield>
  <datafield tag="650" ind1=" " ind2=" ">
    <subfield code="a">Interculturalidad</subfield>
    <subfield code="9">7556</subfield>
  </datafield>
  <datafield tag="650" ind1=" " ind2=" ">
    <subfield code="a">Cultura andina</subfield>
    <subfield code="9">47284</subfield>
  </datafield>
  <datafield tag="650" ind1=" " ind2=" ">
    <subfield code="a">Literatura</subfield>
    <subfield code="9">47285</subfield>
  </datafield>
  <datafield tag="650" ind1=" " ind2=" ">
    <subfield code="a">Cusco</subfield>
    <subfield code="9">772</subfield>
  </datafield>
  <datafield tag="700" ind1=" " ind2=" ">
    <subfield code="a">Pantoja Palomino, Mario</subfield>
    <subfield code="9">47286</subfield>
  </datafield>
  <datafield tag="700" ind1=" " ind2=" ">
    <subfield code="a">Aparicio, Manuel Jes&#xFA;s</subfield>
    <subfield code="9">47320</subfield>
  </datafield>
  <datafield tag="700" ind1=" " ind2=" ">
    <subfield code="a">Angles Vargas, V&#xED;ctor</subfield>
    <subfield code="9">47321</subfield>
  </datafield>
  <datafield tag="700" ind1=" " ind2=" ">
    <subfield code="a">Bonet Rodr&#xED;guez, Hugo</subfield>
    <subfield code="9">4683</subfield>
  </datafield>
  <datafield tag="700" ind1=" " ind2=" ">
    <subfield code="a">Calvo Calvo, Rossano</subfield>
    <subfield code="9">44156</subfield>
  </datafield>
  <datafield tag="942" ind1=" " ind2=" ">
    <subfield code="2">ddc</subfield>
    <subfield code="c">PP</subfield>
  </datafield>
  <datafield tag="945" ind1=" " ind2=" ">
    <subfield code="a">vhl</subfield>
  </datafield>
  <datafield tag="952" ind1=" " ind2=" ">
    <subfield code="0">0</subfield>
    <subfield code="2">ddc</subfield>
    <subfield code="4">0</subfield>
    <subfield code="7">0</subfield>
    <subfield code="a">HEM</subfield>
    <subfield code="b">HEM</subfield>
    <subfield code="c">CART</subfield>
    <subfield code="d">2022-02-28</subfield>
    <subfield code="g">5.00</subfield>
    <subfield code="o">Patrimonio/N&#xB0;1/2002</subfield>
    <subfield code="p">REVC000644</subfield>
    <subfield code="r">2022-02-28</subfield>
    <subfield code="y">PP</subfield>
  </datafield>
</record>
